One goal, two paths : (Record no. 14739)

000 -LEADER
fixed length control field 00570cam a22001814a 4500
020 ## - INTERNATIONAL STANDARD BOOK NUMBER
ISBN 9780821388372
020 ## - INTERNATIONAL STANDARD BOOK NUMBER
ISBN 0821388371
040 ## - CATALOGING SOURCE
Transcribing agency DLC
082 00 - DEWEY DECIMAL CLASSIFICATION NUMBER
Classification number 333 AUS 2011 A070 Or.
245 00 - TITLE STATEMENT
Title One goal, two paths :
Remainder of title achieving universal access to modern energy in East Asia and the Pacific.
260 ## - PUBLICATION, DISTRIBUTION, ETC. (IMPRINT)
Place of publication Washington, D.C :
Name of publisher World Bank :
-- Australian Government, AusAID,
Year of publication c2011.
300 ## - PHYSICAL DESCRIPTION
Number of Pages xv, 165 p. :
Other physical details col. ill., maps ;
Dimensions 28 cm.
650 #0 - SUBJECT ADDED ENTRY--TOPICAL TERM
Topical Term Energy policy
650 #0 - SUBJECT ADDED ENTRY--TOPICAL TERM
Topical Term Power resources
650 #0 - SUBJECT ADDED ENTRY--TOPICAL TERM
Topical Term Energy policy
650 #0 - SUBJECT ADDED ENTRY--TOPICAL TERM
Topical Term Power resources
942 ## - ADDED ENTRY ELEMENTS (KOHA)
Koha item type សៀវភៅភាសាអង់គ្លេស
952 ## - LOCATION AND ITEM INFORMATION (KOHA)
Withdrawn status [LOCAL, KOHA] 0
Holdings
Permanent Location Date acquired Koha item type Lost status Shelving location Barcode Current Location Full call number
Library Block A2017-10-25សៀវភៅភាសាអង់គ្លេស A070A09046Library Block A333 AUS 2011 A070 Or.
មជ្ឈមណ្ឌលឯការនៃសាកលវិទ្យាល័យភូមិន្ទកសិកម្មចំការដូង

Powered by Koha